000 00856nam a2200217 c 4500
005 20200929103838.0
008 120830s2020 sp ad||fr|||| 00| 0 spa d
020 _a9788489924635
040 _aCO-BoUCM
_bspa
_cDeissy Garcia
_dDeissy Garcia
041 0 _aspa
_aeng
245 1 0 _aIncoterms 2020
_breglas de ICC para el uso de términos comerciales nacionales e internacionales
260 _aBarcelona (España)
_bCámara de Comercio Internacional
_c2020
300 _a398 páginas
_bilustraciones, cuadros, gráficas
650 7 _aComercio internacional
_xReglamentos
_9101215
650 7 _aComercio internacional
_x Legislación
_951865
650 7 _aDerecho marítimo
_912792
653 _aINCOTERMS
700 _9101189
_aInternational Chamber of Commerce
942 _cLIBRO
_2DEWEY
_a7
_e1
_h382.014
_mI378inc
999 _c318162
_d318162